[Event "Abu Dhabi op 29th"]
[Site "Abu Dhabi"]
[Date "2023.08.23"]
[Round "8"]
[White "Anton Guijarro, David"]
[Black "Lu, Shanglei"]
[Result "0-1"]
[WhiteElo "2693"]
[BlackElo "2598"]
[PlyCount "122"]
[EventDate "2023.08.16"]
[EventType "swiss"]
[EventRounds "9"]
[EventCountry "UAE"]
[SourceTitle "EXT 2024"]
[Source "ChessBase"]
[SourceDate "2023.10.10"]
[SourceVersion "1"]
[SourceVersionDate "2023.10.10"]
[SourceQuality "1"]

1. e4 c5 2. Nf3 e6 3. d4 cxd4 4. Nxd4 Nf6 5. Nc3 Nc6 6. a3 Qc7 7. Be3 a6 8. f4 d6 9. Qf3 e5 10. Nxc6 bxc6 11. Bc4 exf4 12. Qxf4 Be7 13. 0-0-0 0-0 14. Bc5 Ne8 15. Bd4 Rb8 16. Rhf1 Be6 17. Bxe6 fxe6 18. Qg4 Qc8 19. e5 d5 20. Na4 c5 21. Nxc5 Bxc5 22. Bxc5 Qxc5 23. Qxe6+ Kh8 24. Qxa6 Rxf1 25. Rxf1 h6 26. Qe6 Rd8 27. Kb1 Nc7 28. Qf5 Nb5 29. Qd3 d4 30. Re1 Nc3+ 31. Kc1 Nd5 32. Re4 Ne7 33. Kb1 Qd5 34. e6 Nc6 35. Qe2 Re8 36. g4 Re7 37. h4 Nd8 38. Re5 Qh1+ 39. Qe1 Qxe1+ 40. Rxe1 Kg8 41. b4 Nxe6 42. Kb2 Kf7 43. a4 Rc7 44. Rf1+ Ke7 45. Rf3 Kd6 46. a5 Kd5 47. Kb3 d3 48. Rxd3+ Nd4+ 49. Ka3 Rxc2 50. Re3 Kc4 51. Re4 Rc3+ 52. Ka2 Rf3 53. a6 Rf7 54. b5 Ra7 55. Ka3 Kd5 56. Rxd4+ Kxd4 57. Kb4 Kd5 58. Ka5 Rf7 59. Kb6 Rf6+ 60. Kb7 Kc5 61. a7 Kxb5 0-1

[Event "Abu Dhabi op 29th"]
[Site "Abu Dhabi"]
[Date "2023.08.20"]
[Round "5"]
[White "Lu, Shanglei"]
[Black "Faizrakhmanov, Ramil"]
[Result "1-0"]
[WhiteElo "2598"]
[BlackElo "2461"]
[PlyCount "85"]
[EventDate "2023.08.16"]
[EventType "swiss"]
[EventRounds "9"]
[EventCountry "UAE"]
[SourceTitle "EXT 2024"]
[Source "ChessBase"]
[SourceDate "2023.10.10"]
[SourceVersion "1"]
[SourceVersionDate "2023.10.10"]
[SourceQuality "1"]

1. e4 c6 2. d4 d5 3. e5 Bf5 4. g4 Be4 5. f3 Bg6 6. e6 Qd6 7. exf7+ Bxf7 8. f4 Nf6 9. Nc3 g6 10. h3 Bg7 11. Be3 0-0 12. Nf3 Nbd7 13. Bg2 Qb4 14. Qc1 Ne4 15. a3 Qa5 16. 0-0 Nxc3 17. Qe1 c5 18. bxc3 Rac8 19. Ng5 cxd4 20. Bxd4 Bxd4+ 21. cxd4 Qb6 22. c3 Nf6 23. f5 gxf5 24. Rb1 Qc7 25. Nxf7 Rxf7 26. Rxf5 Qxc3 27. Qxc3 Rxc3 28. Rbf1 h6 29. Bxd5 Nxd5 30. Rxf7 Rxa3 31. R7f5 Nf6 32. R1f3 Ra1+ 33. Kg2 Rd1 34. Re5 Kf7 35. h4 Kg6 36. Rf4 Rd2+ 37. Kf3 Ng8 38. Re6+ Kh7 39. Rf7+ Kh8 40. Rg6 Nf6 41. Rxe7 Nd5 42. Re8+ Kh7 43. Reg8 1-0

[Event "Abu Dhabi op 29th"]
[Site "Abu Dhabi"]
[Date "2023.08.19"]
[Round "4"]
[White "Sandipan, Chanda"]
[Black "Lu, Shanglei"]
[Result "1/2-1/2"]
[WhiteElo "2491"]
[BlackElo "2598"]
[PlyCount "89"]
[EventDate "2023.08.16"]
[EventType "swiss"]
[EventRounds "9"]
[EventCountry "UAE"]
[SourceTitle "EXT 2024"]
[Source "ChessBase"]
[SourceDate "2023.10.10"]
[SourceVersion "1"]
[SourceVersionDate "2023.10.10"]
[SourceQuality "1"]

1. d4 Nf6 2. c4 e6 3. Nc3 Bb4 4. e3 0-0 5. Bd2 d5 6. Nf3 b6 7. Rc1 c5 8. a3 cxd4 9. axb4 dxc3 10. Bxc3 Bb7 11. b5 Qe7 12. Qd4 Rd8 13. cxd5 Bxd5 14. Qh4 a6 15. bxa6 Nxa6 16. Bxa6 Rxa6 17. Nd2 Ra7 18. 0-0 Ne4 19. Qxe7 Rxe7 20. Nxe4 Bxe4 21. Bd4 b5 22. Rc5 f6 23. f4 Rd5 24. Rfc1 Kf7 25. Rxd5 Bxd5 26. Rc5 b4 27. g4 Rd7 28. Kf2 b3 29. h4 f5 30. Kg3 fxg4 31. Kxg4 Be4 32. h5 h6 33. Rc8 Bc2 34. Kh4 Bd1 35. Bc3 Bf3 36. Rc5 Bd1 37. e4 Bc2 38. f5 exf5 39. exf5 Re7 40. Kg3 Re3+ 41. Kf4 Re4+ 42. Kf3 Rh4 43. Rc7+ Ke8 44. Bxg7 Bxf5 45. Bxh6 1/2-1/2

[Event "CHN-chT DivA"]
[Site "Fuling"]
[Date "2023.06.17"]
[Round "11.1"]
[White "Lu, Shanglei"]
[Black "Wan, Yunguo"]
[Result "1/2-1/2"]
[WhiteElo "2597"]
[BlackElo "2504"]
[PlyCount "49"]
[EventDate "2023.06.05"]
[EventType "team-tourn"]
[EventRounds "11"]
[EventCountry "CHN"]
[SourceTitle "CBM 214 Extra"]
[Source "ChessBase"]
[SourceDate "2023.07.31"]
[SourceVersion "1"]
[SourceVersionDate "2023.07.31"]
[SourceQuality "1"]
[WhiteTeam "Zhejiang Shaoxing"]
[BlackTeam "Chongqing Jiulongpo"]
[WhiteTeamCountry "CHN"]
[BlackTeamCountry "CHN"]

1. e4 c5 2. Nf3 e6 3. d4 cxd4 4. Nxd4 Nf6 5. Nc3 Nc6 6. Ndb5 Bb4 7. a3 Bxc3+ 8. Nxc3 d5 9. Bd3 dxe4 10. Nxe4 Nxe4 11. Bxe4 Qxd1+ 12. Kxd1 Bd7 13. Be3 0-0-0 14. f3 f5 15. Bxc6 Bxc6+ 16. Ke2 a6 17. Rad1 Rxd1 18. Rxd1 Rd8 19. Rxd8+ Kxd8 20. Bd4 g6 21. Bf6+ Kc7 22. Be5+ Kd8 23. Bf6+ Kc7 24. Be5+ Kd8 25. Bf6+ 1/2-1/2

[Event "CHN-chT DivA"]
[Site "Fuling"]
[Date "2023.06.11"]
[Round "6.4"]
[White "Zhao, Jun"]
[Black "Lu, Shanglei"]
[Result "0-1"]
[WhiteElo "2584"]
[BlackElo "2597"]
[PlyCount "80"]
[EventDate "2023.06.05"]
[EventType "team-tourn"]
[EventRounds "11"]
[EventCountry "CHN"]
[SourceTitle "CBM 214 Extra"]
[Source "ChessBase"]
[SourceDate "2023.07.31"]
[SourceVersion "1"]
[SourceVersionDate "2023.07.31"]
[SourceQuality "1"]
[WhiteTeam "Shandong"]
[BlackTeam "Zhejiang Shaoxing"]
[WhiteTeamCountry "CHN"]
[BlackTeamCountry "CHN"]

1. c4 Nf6 2. Nc3 e6 3. e4 c5 4. e5 Ng8 5. Nf3 Nc6 6. d4 cxd4 7. Nxd4 Nxe5 8. Ndb5 a6 9. Nd6+ Bxd6 10. Qxd6 f6 11. Be3 Ne7 12. Bb6 Nf5 13. Qc5 d6 14. Qa5 Qd7 15. f4 Nc6 16. Qa3 0-0 17. g4 Ncd4 18. Qa4 Ne3 19. Kd2 Nxf1+ 20. Raxf1 e5 21. Qxd7 Bxd7 22. f5 Rac8 23. Kd3 Nc6 24. Nd5 Kf7 25. Be3 b5 26. b3 bxc4+ 27. bxc4 e4+ 28. Ke2 Ne5 29. Nb6 Rc7 30. Rf4 Bc6 31. Rd1 Nd3 32. Rff1 Rb8 33. Rb1 Rcb7 34. Rb3 Ke8 35. Rfb1 a5 36. Kd2 Ne5 37. h3 a4 38. R3b2 Nd3 39. Rc2 Kd8 40. g5 Nc5 0-1

[Event "CHN-chT DivA"]
[Site "Fuling"]
[Date "2023.06.10"]
[Round "5.4"]
[White "Lu, Shanglei"]
[Black "Bai, Jinshi"]
[Result "0-1"]
[WhiteElo "2597"]
[BlackElo "2550"]
[PlyCount "108"]
[EventDate "2023.06.05"]
[EventType "team-tourn"]
[EventRounds "11"]
[EventCountry "CHN"]
[SourceTitle "CBM 214 Extra"]
[Source "ChessBase"]
[SourceDate "2023.07.31"]
[SourceVersion "1"]
[SourceVersionDate "2023.07.31"]
[SourceQuality "1"]
[WhiteTeam "Zhejiang Shaoxing"]
[BlackTeam "Hangzhou Bank"]
[WhiteTeamCountry "CHN"]
[BlackTeamCountry "CHN"]

1. d4 Nf6 2. Bf4 d5 3. e3 Bf5 4. c4 e6 5. Nc3 Bb4 6. Nge2 dxc4 7. a3 Bd6 8. Qa4+ Nbd7 9. Qxc4 0-0 10. Bxd6 cxd6 11. Ng3 Bg6 12. Be2 Qb6 13. Qb4 Rfc8 14. h4 Bc2 15. Kd2 Bb3 16. Rhc1 Bc4 17. Bd1 a5 18. Qxb6 Nxb6 19. b3 Bd5 20. Nxd5 Nbxd5 21. Bf3 Kf8 22. Ne2 h6 23. Kd3 Ke7 24. Rc4 Kd7 25. g4 g5 26. Rh1 b5 27. Rxc8 Rxc8 28. hxg5 hxg5 29. e4 Ne7 30. Nc3 b4 31. axb4 axb4 32. Nb5 Ng6 33. Ra1 Nf4+ 34. Kd2 Ne8 35. d5 Rc5 36. Ra7+ Nc7 37. dxe6+ fxe6 38. Nd4 e5 39. Ne2 Nfe6 40. Ra4 Rb5 41. Nc1 Nc5 42. Ra7 Rb8 43. Ke3 Kc6 44. Be2 Kb6 45. Ra2 d5 46. exd5 Nxd5+ 47. Kf3 Nc3 48. Rd2 Rf8+ 49. Ke3 N5e4 50. Rd7 Nf6 51. Rg7 Nfd5+ 52. Kd3 Nf4+ 53. Ke3 Ng2+ 54. Kd3 Rd8+ 0-1

[Event "CHN-chT DivA"]
[Site "Fuling"]
[Date "2023.06.06"]
[Round "2.2"]
[White "Zhu, Hengyi"]
[Black "Lu, Shanglei"]
[Result "0-1"]
[WhiteElo "2247"]
[BlackElo "2597"]
[PlyCount "68"]
[EventDate "2023.06.05"]
[EventType "team-tourn"]
[EventRounds "11"]
[EventCountry "CHN"]
[SourceTitle "CBM 214 Extra"]
[Source "ChessBase"]
[SourceDate "2023.07.31"]
[SourceVersion "1"]
[SourceVersionDate "2023.07.31"]
[SourceQuality "1"]
[WhiteTeam "Hangzhou"]
[BlackTeam "Zhejiang Shaoxing"]
[WhiteTeamCountry "CHN"]
[BlackTeamCountry "CHN"]

1. e4 c5 2. Nf3 Nc6 3. d4 cxd4 4. Nxd4 Nf6 5. Nc3 e6 6. Ndb5 Bc5 7. Bf4 0-0 8. Bc7 Qe7 9. Bd6 Bxd6 10. Qxd6 Qd8 11. Qd2 a6 12. Nd6 Qb6 13. Nc4 Qa7 14. e5 Ng4 15. f4 d5 16. exd6 b5 17. h3 Nf6 18. Ne5 Bb7 19. Bd3 Nxe5 20. fxe5 Nd7 21. 0-0-0 Nxe5 22. Rhe1 f6 23. Kb1 Rad8 24. Rxe5 fxe5 25. Qe2 Qc5 26. Qh5 h6 27. Qg6 Rf6 28. Qh7+ Kf7 29. g4 Qe3 30. h4 Bf3 31. g5 hxg5 32. hxg5 Qxg5 33. Ne4 Qh6 34. Nxf6 Bxd1 0-1

[Event "Shaoxing Hua Yi Rapid Cup 2nd"]
[Site "Shaoxing"]
[Date "2023.05.30"]
[Round "3.1"]
[White "Ma, Qun"]
[Black "Lu, Shanglei"]
[Result "0-1"]
[WhiteElo "2648"]
[BlackElo "2597"]
[PlyCount "50"]
[EventDate "2023.05.29"]
[EventType "k.o. (rapid)"]
[EventRounds "5"]
[EventCountry "CHN"]
[SourceTitle "CBM 214 Extra"]
[Source "ChessBase"]
[SourceDate "2023.07.31"]
[SourceVersion "1"]
[SourceVersionDate "2023.07.31"]
[SourceQuality "1"]

1. d4 Nf6 2. c4 e6 3. Nc3 Bb4 4. Qc2 0-0 5. a3 Bxc3+ 6. Qxc3 b6 7. Bg5 Bb7 8. f3 h6 9. Bh4 d5 10. cxd5 exd5 11. e3 Re8 12. Bb5 c6 13. Ba4 Nbd7 14. Ne2 Ba6 15. Qd2 Qe7 16. Bf2 c5 17. Bd1 cxd4 18. Nxd4 Ne5 19. Be2 Nc4 20. Bxc4 dxc4 21. Qc2 c3 22. b4 Bc4 23. Rd1 Nd5 24. e4 Qg5 25. h4 Ne3 0-1

[Event "Shaoxing Hua Yi Rapid Cup 2nd"]
[Site "Shaoxing"]
[Date "2023.05.29"]
[Round "2.3"]
[White "Wan, Yunguo"]
[Black "Lu, Shanglei"]
[Result "0-1"]
[WhiteElo "2497"]
[BlackElo "2597"]
[PlyCount "112"]
[EventDate "2023.05.29"]
[EventType "k.o. (rapid)"]
[EventRounds "5"]
[EventCountry "CHN"]
[SourceTitle "CBM 214 Extra"]
[Source "ChessBase"]
[SourceDate "2023.07.31"]
[SourceVersion "1"]
[SourceVersionDate "2023.07.31"]
[SourceQuality "1"]

1. e4 c5 2. Nf3 d6 3. d4 cxd4 4. Nxd4 Nf6 5. Bc4 e6 6. Bd3 a6 7. c4 Nbd7 8. Nc3 g6 9. 0-0 Bg7 10. Nf3 Qc7 11. h3 0-0 12. Bf4 Nh5 13. Bd2 b6 14. Qc1 Bb7 15. Bh6 Ne5 16. Nxe5 Bxh6 17. Qxh6 dxe5 18. Rfd1 Qc5 19. Qe3 Qxe3 20. fxe3 Bc6 21. Bc2 Rfd8 22. Rxd8+ Rxd8 23. Rd1 Rxd1+ 24. Bxd1 Nf6 25. Bc2 a5 26. a3 Kf8 27. b4 axb4 28. axb4 Ke7 29. Kf2 Kd6 30. Ke2 h5 31. h4 Kc7 32. g3 Ne8 33. Ba4 Nd6 34. Bxc6 Kxc6 35. Kd3 f6 36. Nb1 g5 37. Nd2 g4 38. Kc3 Nf7 39. Nb3 Nd6 40. Nd2 Nc8 41. b5+ Kd6 42. Kb4 f5 43. Nb3 f4 44. exf4 exf4 45. gxf4 g3 46. Nd4 g2 47. Ne2 Ne7 48. c5+ bxc5+ 49. Kc4 Ng6 50. f5 exf5 51. exf5 Nxh4 52. f6 Ng6 53. b6 Kc6 54. Kd3 h4 55. Ke4 h3 56. Kf3 g1Q 0-1

[Event "Titled Tuesday intern op 24th Jan Late"]
[Site "Chess.com INT"]
[Date "2023.01.24"]
[Round "4"]
[White "Erdogdu, Mert"]
[Black "Lu, Shanglei"]
[Result "0-1"]
[WhiteElo "2413"]
[BlackElo "2596"]
[PlyCount "74"]
[EventDate "2023.01.24"]
[EventType "swiss (blitz)"]
[EventRounds "11"]
[EventCountry "USA"]
[SourceTitle "EXT 2024"]
[Source "ChessBase"]
[SourceDate "2023.10.10"]
[SourceVersion "1"]
[SourceVersionDate "2023.10.10"]
[SourceQuality "1"]

1. e4 c5 2. Nf3 d6 3. d4 cxd4 4. Nxd4 Nf6 5. Nc3 a6 6. Be3 Ng4 7. Bc1 Nf6 8. f3 e5 9. Nb3 Be6 10. Be3 h5 11. Qd2 Nbd7 12. 0-0-0 Rc8 13. Kb1 b5 14. h3 Be7 15. Bd3 h4 16. Rhe1 Nb6 17. f4 Nc4 18. Bxc4 bxc4 19. Nc1 Rb8 20. fxe5 dxe5 21. Qxd8+ Bxd8 22. Bc5 Ba5 23. N1e2 Rh5 24. Rd6 Nxe4 25. Nxe4 Bxe1 26. Rxa6 Bd5 27. Nd6+ Kd7 28. Ra7+ Kc6 29. Ba3 c3 30. Nxf7 Rf5 31. Ra6+ Kb7 32. Nd6+ Kxa6 33. Nxf5 Bxg2 34. Nxg7 Bxh3 35. Kc1 Bg4 36. Nxc3 Bxc3 37. bxc3 h3 0-1

[Event "Titled Tuesday intern op 24th Jan Late"]
[Site "Chess.com INT"]
[Date "2023.01.24"]
[Round "3"]
[White "Lu, Shanglei"]
[Black "Piesik, Piotr"]
[Result "1-0"]
[WhiteElo "2596"]
[BlackElo "2419"]
[PlyCount "49"]
[EventDate "2023.01.24"]
[EventType "swiss (blitz)"]
[EventRounds "11"]
[EventCountry "USA"]
[SourceTitle "EXT 2024"]
[Source "ChessBase"]
[SourceDate "2023.10.10"]
[SourceVersion "1"]
[SourceVersionDate "2023.10.10"]
[SourceQuality "1"]

1. e4 g6 2. d4 Bg7 3. Nc3 c6 4. h3 d6 5. Nf3 Nf6 6. a4 0-0 7. Bd3 Nbd7 8. 0-0 e5 9. a5 Qc7 10. Re1 Rb8 11. Be3 b5 12. axb6 axb6 13. Qd2 b5 14. Bh6 Re8 15. Bxg7 Kxg7 16. b4 Nb6 17. dxe5 dxe5 18. Ne2 Be6 19. Nc1 Nh5 20. Qc3 Nc4 21. Nb3 Nf4 22. Nc5 Ra8 23. Nxe6+ Nxe6 24. Bxc4 bxc4 25. Nxe5 1-0

[Event "Titled Tuesday intern op 24th Jan Late"]
[Site "Chess.com INT"]
[Date "2023.01.24"]
[Round "1"]
[White "Lu, Shanglei"]
[Black "Womacka, Mathias"]
[Result "1/2-1/2"]
[WhiteElo "2596"]
[BlackElo "2409"]
[PlyCount "91"]
[EventDate "2023.01.24"]
[EventType "swiss (blitz)"]
[EventRounds "11"]
[EventCountry "USA"]
[SourceTitle "EXT 2024"]
[Source "ChessBase"]
[SourceDate "2023.10.10"]
[SourceVersion "1"]
[SourceVersionDate "2023.10.10"]
[SourceQuality "1"]

1. e4 c5 2. Nf3 d6 3. d4 cxd4 4. Nxd4 Nf6 5. f3 e6 6. Nc3 Be7 7. Be3 0-0 8. Qd2 Nc6 9. 0-0-0 d5 10. Kb1 dxe4 11. Nxc6 bxc6 12. Qxd8 Rxd8 13. Rxd8+ Bxd8 14. Nxe4 Nxe4 15. fxe4 Bb6 16. Bxb6 axb6 17. Be2 Kf8 18. Rd1 Ke7 19. b4 c5 20. bxc5 bxc5 21. Bb5 Ba6 22. Rd7+ Kf6 23. a4 Bxb5 24. axb5 Ra5 25. Rb7 Ke5 26. Kb2 Kxe4 27. Kb3 f5 28. Kc4 Ra2 29. c3 e5 30. Rxg7 Rb2 31. Rxh7 f4 32. Kxc5 Kd3 33. b6 e4 34. Re7 e3 35. c4 e2 36. Kc6 Kxc4 37. b7 Kd3 38. h4 Rc2+ 39. Kd6 Rb2 40. Kc7 Rc2+ 41. Kd8 Rb2 42. Kc8 Rc2+ 43. Kd7 Rb2 44. Kc6 Rc2+ 45. Kd5 Rb2 46. Kc6 1/2-1/2

[Event "WchT Final 13th"]
[Site "Jerusalem"]
[Date "2022.11.25"]
[Round "3.1"]
[White "Yakubboev, Nodirbek"]
[Black "Lu, Shanglei"]
[Result "1/2-1/2"]
[WhiteElo "2667"]
[BlackElo "2605"]
[PlyCount "162"]
[EventDate "2022.11.23"]
[EventType "team-k.o. (rapid)"]
[EventRounds "3"]
[EventCountry "ISR"]
[SourceTitle "CBM 211 Extra"]
[Source "ChessBase"]
[SourceDate "2023.01.31"]
[SourceVersion "1"]
[SourceVersionDate "2023.01.31"]
[SourceQuality "1"]
[WhiteTeam "Uzbekistan"]
[BlackTeam "China"]
[WhiteTeamCountry "UZB"]
[BlackTeamCountry "CHN"]

1. c4 Nf6 2. g3 e6 3. Bg2 d5 4. Nf3 d4 5. d3 Nc6 6. 0-0 Be7 7. e3 e5 8. exd4 exd4 9. Na3 0-0 10. Nc2 h6 11. Rb1 a5 12. b3 Bf5 13. a3 Bh7 14. b4 axb4 15. axb4 Nd7 16. Re1 Bf6 17. b5 Na5 18. Bf4 g5 19. Be5 Nxe5 20. Nxe5 Re8 21. Nf3 Qd6 22. Rxe8+ Rxe8 23. Nb4 Bg7 24. Nd2 b6 25. Bd5 Bg6 26. Ne4 Qe5 27. h4 gxh4 28. Qg4 Qh5 29. Qxh5 Bxh5 30. gxh4 Kf8 31. c5 Bg6 32. f4 f5 33. Ng3 h5 34. Na6 Re7 35. Kf2 Bf6 36. Rh1 Ke8 37. Bf3 Kd7 38. Bxh5 Bh7 39. c6+ Kd6 40. Bd1 Re3 41. Bc2 Bg7 42. h5 Bh6 43. Ne2 Re8 44. Rh4 Bg7 45. h6 Bf6 46. Rh5 Nxc6 47. bxc6 Ra8 48. Nxc7 Kxc7 49. Bb3 Kxc6 50. Ng3 Ra5 51. Be6 Bg6 52. Rh1 Kd6 53. Bg8 Bh8 54. h7 Ke7 55. Rh6 Be8 56. Rxb6 Bd7 57. Rb7 Kd6 58. Rb8 Rb5 59. Ra8 Bc6 60. Rf8 Rb2+ 61. Ne2 Ke7 62. Rf7+ Ke8 63. Rxf5 Bb5 64. Bf7+ Ke7 65. Bg6 Bxd3 66. Rf7+ Ke6 67. f5+ Bxf5 68. Rxf5 d3 69. Rf8 Bd4+ 70. Kf3 dxe2 71. Re8+ Kd7 72. Re4 Bc3 73. Bf5+ Kd6 74. Re6+ Kd5 75. Re8 Kc4 76. Rc8+ Kb4 77. Rb8+ Kc4 78. Rc8+ Kb4 79. Re8 Kc4 80. Rxe2 Rxe2 81. Kxe2 Bh8 1/2-1/2

[Event "WchT Final 13th"]
[Site "Jerusalem"]
[Date "2022.11.24"]
[Round "2.1"]
[White "Lu, Shanglei"]
[Black "Santos Latasa, Jaime"]
[Result "1-0"]
[WhiteElo "2605"]
[BlackElo "2665"]
[PlyCount "103"]
[EventDate "2022.11.23"]
[EventType "team-k.o. (rapid)"]
[EventRounds "3"]
[EventCountry "ISR"]
[SourceTitle "CBM 211 Extra"]
[Source "ChessBase"]
[SourceDate "2023.01.31"]
[SourceVersion "1"]
[SourceVersionDate "2023.01.31"]
[SourceQuality "1"]
[WhiteTeam "China"]
[BlackTeam "Spain"]
[WhiteTeamCountry "CHN"]
[BlackTeamCountry "ESP"]

1. e4 e6 2. d4 d5 3. e5 c5 4. c3 Nc6 5. Nf3 Qb6 6. a3 Nh6 7. Bd3 cxd4 8. cxd4 Bd7 9. Bc2 Nf5 10. Bxf5 exf5 11. Nc3 Be6 12. b4 h6 13. h4 Be7 14. Qd3 a6 15. Be3 0-0 16. 0-0 Rac8 17. Rfc1 Qd8 18. Na4 Rc7 19. Nc5 Qc8 20. Bd2 Nb8 21. Na4 Nd7 22. Rxc7 Qxc7 23. Rc1 Qb8 24. Qc3 Bd8 25. Nc5 Nb6 26. Bf4 Be7 27. Nxe6 fxe6 28. Qc7 Qxc7 29. Rxc7 Bd8 30. Rxb7 Nc4 31. a4 a5 32. Bd2 Rf7 33. Rb8 Rf8 34. h5 Bb6 35. Rxf8+ Kxf8 36. bxa5 Bxa5 37. Bxa5 Nxa5 38. Kf1 Ke7 39. Ke2 Nc4 40. Nd2 Nb2 41. a5 Kd7 42. Nb3 Na4 43. Nc5+ Nxc5 44. dxc5 Kc6 45. a6 Kc7 46. Kd3 Kc6 47. Kd4 Kc7 48. Kc3 Kc6 49. Kb4 Kc7 50. Kb5 f4 51. f3 Kc8 52. c6 1-0

[Event "WchT Final 13th"]
[Site "Jerusalem"]
[Date "2022.11.23"]
[Round "1.1"]
[White "Wojtaszek, Radoslaw"]
[Black "Lu, Shanglei"]
[Result "1/2-1/2"]
[WhiteElo "2686"]
[BlackElo "2605"]
[PlyCount "82"]
[EventDate "2022.11.23"]
[EventType "team-k.o. (rapid)"]
[EventRounds "3"]
[EventCountry "ISR"]
[SourceTitle "CBM 211 Extra"]
[Source "ChessBase"]
[SourceDate "2023.01.31"]
[SourceVersion "1"]
[SourceVersionDate "2023.01.31"]
[SourceQuality "1"]
[WhiteTeam "Poland"]
[BlackTeam "China"]
[WhiteTeamCountry "POL"]
[BlackTeamCountry "CHN"]

1. d4 Nf6 2. c4 e6 3. Nf3 d5 4. g3 dxc4 5. Bg2 c5 6. 0-0 Nc6 7. Qa4 Bd7 8. Qxc4 b5 9. Qc3 b4 10. Qd3 Rc8 11. dxc5 Bxc5 12. Nbd2 0-0 13. Nb3 Bb6 14. Be3 e5 15. Nfd2 Be6 16. Rac1 Qxd3 17. exd3 Ne7 18. Bc5 Bxc5 19. Nxc5 Bxa2 20. Bh3 Rc6 21. Rfe1 Bd5 22. d4 e4 23. f3 e3 24. Rxe3 Rc7 25. Bd7 Rd8 26. Rxe7 Rdxd7 27. Nxd7 Rxc1+ 28. Kf2 Rc2 29. Ke3 Rxb2 30. Nxf6+ gxf6 31. Rxa7 Rc2 32. Rd7 Rc3+ 33. Ke2 Bc6 34. Rd8+ Kg7 35. Rb8 b3 36. Rxb3 Bxf3+ 37. Kf2 Rc2 38. Ke3 Bd5 39. Rb5 Rc3+ 40. Ke2 Be6 41. Rb4 Ra3 1/2-1/2